Nie aus der Bundesliga abgestiegene Teams - Statistiken

Allgemein
  • Dieses Quiz wurde 50.234 mal gespielt
    17.638 seit der letzten Aktualisierung
  • Das Durchschnittsergebnis liegt bei 6 aus 8
Antwortstatistiken
Aufstieg Mannschaft % Korrekt
1965 FC Bayern München
99%
2016 RB Leipzig
85%
2023 1. FC Heidenheim
77%
1979 Bayer 04 Leverkusen
77%
2008 TSG 1899 Hoffenheim
71%
1997 VfL Wolfsburg
71%
2019 1. FC Union Berlin
66%
2011 FC Augsburg
65%
Keine übereinstimmenden Quizze gefunden
Verteilung der Resultate
Anzahl Personen mit jedem Resultat
Perzentil nach korrekt beantworteten Fragen
Ihre Resultats-Entwicklung
Sie haben dieses Quiz seit der letzten Aktualisierung nicht gespielt